[Event "Topusko op"]
[Site "Topusko"]
[Date "2012.08.06"]
[Round "3"]
[White "Peles, Ivan"]
[Black "Berke, Ana"]
[Result "0-1"]
[WhiteElo "1801"]
[BlackElo "2160"]
[PlyCount "78"]
[EventDate "2012.08.04"]
[EventType "swiss"]
[EventRounds "7"]
[EventCountry "CRO"]
[SourceTitle "EXT 2013"]
[Source "ChessBase"]
[SourceDate "2012.11.22"]
[SourceVersion "1"]
[SourceVersionDate "2012.11.22"]
[SourceQuality "1"]

1. e4 c5 2. d4 cxd4 3. c3 Nf6 4. e5 Nd5 5. cxd4 Nc6 6. Nf3 e6 7. Be2 d6 8. Qa4 Be7 9. 0-0 0-0 10. Nc3 Nxc3 11. bxc3 Qa5 12. Qxa5 Nxa5 13. Ba3 Rd8 14. Bd3 b6 15. Be4 Rb8 16. exd6 Bxd6 17. Bxd6 Rxd6 18. Ne5 Ba6 19. Rfd1 f6 20. Nd3 Rc8 21. Rac1 Bc4 22. Rc2 Rcd8 23. f4 Bd5 24. Bxd5 Rxd5 25. Re1 R5d6 26. Rce2 Kf7 27. f5 e5 28. Nb2 Rc8 29. dxe5 fxe5 30. Rxe5 Rxc3 31. Re7+ Kf6 32. Rxa7 Rc2 33. Nd1 Rc1 34. Ree7 Rdxd1+ 35. Kf2 Rc2+ 36. Kg3 Rd3+ 37. Kh4 Rxg2 38. Rf7+ Ke5 39. f6 g5+ 0-1